000 00303nam a2200109 4500
008 160625b xxu||||| |||| 00| 0 eng d
100 _91162
_a Enright, D.J., et al
245 _aEnglish Critical Texts
260 _aLon
_b Oxford University Press
_c1962
300 _aEnglish Critical Texts
942 _2ddc
_cBK
999 _c944
_d944